000
00338nam a22001457a 4500
008
210430b ||||| |||| 00| 0 eng d
020
_a
9780199217359
041
_a
eng
080
_a
32
082
_a
32
100
_a
19
101
_a
SHP
245
_a
The Comparative Study of Electoral Systems
_c
Hans D. Klingemann
942
_2
udc
_c
BK
999
_c
57061
_d
57061